|
|
|
|
| LEADER |
00000nab a2200000 4500 |
| 001 |
vtls011867180 |
| 003 |
SK-MaSNL |
| 005 |
20260304215322.0 |
| 008 |
190522|2019 xo |||| ||n ||00 0|slo |
| 015 |
|
|
|a SNBRB2019/05
|
| 040 |
|
|
|a SPKCL
|b slo
|e rda
|
| 041 |
|
|
|a slo
|
| 044 |
|
|
|a xo
|c SK
|
| 072 |
|
7 |
|a 37
|x Výchova a vzdelávanie
|2 konspekt
|
| 072 |
|
7 |
|a 316.4/.7
|x Sociálne interakcie
|2 konspekt
|
| 080 |
|
|
|a 37.018.1
|2 2011
|
| 080 |
|
|
|a 316.62
|2 2011
|
| 100 |
1 |
|
|a Hanúsková, Mária
|4 aut
|9 1091366
|
| 245 |
1 |
0 |
|a Môže sa stať, že-
|b - si dieťaťom budeme kompenzovať to, čo nám v detstve chýbalo
|p o maske, ktorú nosíme
|c Mária Hanúsková
|
| 300 |
|
|
|b Fotografie
|
| 336 |
|
|
|a text
|b txt
|2 rdacontent
|
| 337 |
|
|
|a bez média
|b n
|2 rdamedia
|
| 338 |
|
|
|a zväzok
|b nc
|2 rdacarrier
|
| 504 |
|
|
|a Obsahuje bibliografiu
|
| 650 |
0 |
7 |
|a rodinná výchova
|2 SNKPH
|9 66934
|
| 650 |
0 |
7 |
|a sociálne správanie
|2 SNKPH
|9 4927
|
| 650 |
0 |
7 |
|a deti
|2 SNKPH
|9 773
|
| 650 |
0 |
7 |
|a pokrytectvo
|2 SNKPH
|9 75470
|
| 773 |
0 |
|
|t Dobrá škola
|g Roč. X, č. 8 (2019), s. 46
|x 1338-0338
|
| 856 |
4 |
1 |
|u www.casopisdobraskola.sk
|
| 958 |
|
|
|a NB
|
| 999 |
|
|
|c 3145921
|d 3147851
|